000 00782cab a2200277 4500
001 WB2903-60
008 090401t1993 xxu||||| |||| 00| 0 eng d
035 _a(Sirsi) u32043
041 _aeng
245 _aFrench government intervention
260 _c1993
350 _a0
490 _aEstates Times
_v(1172) 15 January 1993, 1(1)
520 _aThe French government has introduced measures to help the country`s ailing property market.
650 _aAGREMENT UTILISATEUR
650 _aDATAR
650 _aFRANCE
650 _aGOVERNMENT POLICY
650 _aINTERVENTION
650 _aSAPIN PACKAGE
650 _aSICOMI
690 _aPROPERTY-COMMERCIAL PROPERTY-COMMERCIAL PROPERTY MARKET
690 _aOVERSEAS-EUROPE
942 _n0
948 _c04/03/1997
999 _c21504
_d21504